Biblioteca

Lo mejor de Ireneo de Lyon (Registro nro. 71022)

Detalles MARC
000 -LÍDER
Campo fijo de descripción fija 01812nam a2200385 i 4500
001 - NÚMERO DE CONTROL
Campo de control 768714001
003 - IDENTIFICADOR DEL NÚMERO DE CONTROL
Campo de control CO-MdFUSB
005 - FECHA Y HORA DE LA ULTIMA TRANSACCIÓN
control field 20260328124544.0
007 - CAMPO FIJO DE DESCRIPCIÓN FIJA--INFORMACIÓN GENERAL
Campo fijo de descripción fija ta
008 - ELEMENTOS DE LONGITUD FIJA -- INFORMACIÓN GENERAL
Campo fijo de descripción fija -- Información general 241003t2003 sp |||| |||| 00| 0 spa d
020 ## - NÚMERO INTERNACIONAL NORMALIZADO PARA LIBROS
Número Internacional Normalizado del libro 84-8267-312-2
040 ## - FUENTE DE CATALOGACIÓN
Idioma de catalogación spa.
Agencia de catalogación original CO-MdFUSB
Agencia que realiza la transcripción CO-MdFUSB
Agencia que realiza la modificación CO-MdFUSBC
Convenciones de la descripción rda
041 ## - CÓDIGO DE IDIOMA
Código de idioma para texto/pista de sonido o título separado spa
082 ## - NÚMERO DE CLASIFICACIÓN DECIMAL DEWEY
Número de la edición del Dewey 23
Número de clasificación 230.14
Clave de autor-Numero de item M516
245 #3 - TÍTULO
Título del Material Lo mejor de Ireneo de Lyon
Mención de responsabilidad, etc. / compilado y traducido por Alfonso Ropero
264 #1 - PRODUCCIÓN, PUBLICACIÓN, DISTRIBUCIÓN, MANUFACTURA, Y COPYRIGHT
Nombre del productor, publicador, distribuidor Clie,
Lugar de producción, publicación, distribución, manufactura Barcelona, España :
Fecha de producción, publicación, distribución, manufactura, o copyright [2003]
264 #4 - PRODUCCIÓN, PUBLICACIÓN, DISTRIBUCIÓN, MANUFACTURA, Y COPYRIGHT
Fecha de producción, publicación, distribución, manufactura, o copyright ©2003
300 ## - DESCRIPCIÓN FÍSICA
Extensión 735 páginas
Dimensiones ; 24 cm
336 ## - TIPO DE CONTENIDO
Fuente rdacontent
Término de tipo de contenido texto
Código de tipo de contenido txt
337 ## - TIPO DE MEDIO
Fuente rdamedia
Nombre del tipo de medio sin mediación
Código del tipo de medio n
338 ## - TIPO DE SOPORTE
Fuente rdacarrier
Nombre del tipo de soporte volumen
Código Tipo de soporte nc
490 ## - MENCIÓN DE SERIE
Mención de serie Grandes Autores de la Fe
500 ## - NOTA GENERAL
Nota General Incluye índice de conceptos teológicos
505 ## - NOTA DE CONTENIDO
Título Contra las herejías:
Nota de contenido con formato preestablecido Exposición de las doctrinas heréticas. -- Refutación de la tesis valentiniana. -- Testimonio de las escrituras. -- La enseñanza de Cristo. -- Enseñanza de las cartas de Pablo.
Título Demostración de la enseñanza apostólica:
Nota de contenido con formato preestablecido Compendio de la fe cristiana. -- Necesidad de mantener la armonía entre el cuerpo y el alma. -- Necesidad de la regla de fe. -- Dios creador de todas las cosas. -- Dios crea por medio del Logos y del Espíritu. -- La regla trinitaria. -- El bautismo y el nuevo nacimiento. -- Paternidad y Señorío del Creador. -- Los siete cielos. -- La creación de los ángeles. -- La creación del hombre.
563 ## - NOTA DE ENCUADERNACIÓN
Nota de encuadernación Rústica
650 #7 - ASIENTO SECUNDARIO DE MATERIA - TERMINO TEMÁTICO
Término temático o nombre geográfico como elemento de entrada Apologética
9 (RLIN) 187
650 #7 - ASIENTO SECUNDARIO DE MATERIA - TERMINO TEMÁTICO
Término temático o nombre geográfico como elemento de entrada Herejías cristianas
9 (RLIN) 350
653 ## - TÉRMINO DE INDIZACIÓN - NO CONTROLADO
Término no controlado Teología patrística
653 ## - TÉRMINO DE INDIZACIÓN - NO CONTROLADO
Término no controlado Padres de la Iglesia
653 ## - TÉRMINO DE INDIZACIÓN - NO CONTROLADO
Término no controlado Ireneo de Lyon — Escritos
653 ## - TÉRMINO DE INDIZACIÓN - NO CONTROLADO
Término no controlado Doctrina cristiana primitiva
700 1# - ASIENTO SECUNDARIO - NOMBRE PERSONAL
Nombre personal Ropero, Alfonso
9 (RLIN) 1287
Responsabilidad compilador y traductor
942 ## - TIPO DE MATERIAL (KOHA)
Tipo de Item KOHA Libros General
945 ## - INFORMACIÓN LOCAL DEL REGISTRO
Catalogador Catherine Arias Alvarez
Existencias
Estado de Material Estado de Perdido Forma de Clasificación Volumen-Parte/Tomo Estado de Dañado No para Préstamo Colección Tomo Biblioteca de Origen Biblioteca Permanente Fecha de Adquisición Área Total de Préstamos Signatura Topográfica Código de Barras Última vez visto Ejemplar/Existencia Fecha de Remplazo Tipo de Material
    Dewey Decimal Classification       Colección General   Biblioteca FUSBC Biblioteca FUSBC 03/10/2024 BIBLIA   G 230.14 M516m 25093 03/10/2024 Ej. 1 03/10/2024 Libros General

Biblioteca FUSBC | Teléfono: (57+4) 349 88 10 Ext. 141| WhatsApp (+57) 3005338115 
E-mail: biblioteca@unisbc.edu.co | Calle 76 87-14 Robledo Palenque, Medellín, Colombia

Con tecnología Koha